The parables of the kingdom / (Record no. 4521)

MARC details
000 -LEADER
fixed length control field 00951cam a2200289 a 4500
001 - CONTROL NUMBER
control field 4751969
003 - CONTROL NUMBER IDENTIFIER
control field GBCCL
005 - DATE AND TIME OF LATEST TRANSACTION
control field 20241126110520.0
008 - FIXED-LENGTH DATA ELEMENTS--GENERAL INFORMATION
fixed length control field 851024s1985 ilu 001 0 eng
010 ## -
-- 85026022
020 ## - INTERNATIONAL STANDARD BOOK NUMBER
International Standard Book Number 0802451128 (pbk.) :
Terms of availability $3.50
040 ## - CATALOGING SOURCE
Original cataloging agency DLC
Transcribing agency DLC
Modifying agency DLC
050 00 -
-- BT375.2
-- .M28 1985
082 00 - DEWEY DECIMAL CLASSIFICATION NUMBER
Classification number 226.206
Edition information 19
Item number MAC
100 1# - MAIN ENTRY--PERSONAL NAME
Personal name MacArthur, John,
Dates associated with a name 1939-
9 (RLIN) 1165
245 14 - TITLE STATEMENT
Title The parables of the kingdom /
Statement of responsibility, etc. by John MacArthur, Jr.
260 ## - PUBLICATION, DISTRIBUTION, ETC.
Place of publication, distribution, etc. Chicago :
Name of publisher, distributor, etc. Moody Press,
Date of publication, distribution, etc. c1985.
300 ## - PHYSICAL DESCRIPTION
Extent 134 p. ;
Dimensions 22 cm.
490 1# - SERIES STATEMENT
Series statement John MacArthur's Bible studies
500 ## - GENERAL NOTE
General note Includes index.
600 00 - SUBJECT ADDED ENTRY--PERSONAL NAME
Personal name Jesus Christ
General subdivision Parables.
9 (RLIN) 2282
630 00 - SUBJECT ADDED ENTRY--UNIFORM TITLE
Uniform title Bible.
Name of part/section of a work Matthew, XIII, 1-52
General subdivision Criticism, interpretation, etc.
9 (RLIN) 8394
650 #0 - SUBJECT ADDED ENTRY--TOPICAL TERM
Topical term or geographic name entry element Kingdom of God
General subdivision Biblical teaching.
9 (RLIN) 4057
800 1# -
-- MacArthur, John,
-- 1939-
-- Bible studies.
-- 8395
906 ## - LOCAL DATA ELEMENT F, LDF (RLIN)
a 7
b cbc
c orignew
d 1
e ocip
f 19
g y-gencatlg
942 ## - ADDED ENTRY ELEMENTS (KOHA)
Source of classification or shelving scheme Dewey Decimal Classification
Koha item type Books
Koha issues (borrowed), all copies 4
Holdings
Withdrawn status Lost status Source of classification or shelving scheme Damaged status Not for loan Home library Current Library Shelving location Date acquired Total checkouts Full call number Barcode Date last seen Date last checked out Copy number Price effective from Koha item type
    Dewey Decimal Classification     GRACE BIBLE COLLEGE GRACE BIBLE COLLEGE Biblical Studies 2018-01-24 7 226.206 MAC 002978 2025-09-15 2025-09-04 c.1 2018-01-24 Books
© Grace Bible College Library 2025